000 00599nam a22001697a 4500
005 20250626031022.0
008 220303b |||||||| |||| 00| 0 eng d
040 _cIVS
082 _a746 /ALI
_b20600
100 _aAlishba Rameez
245 _a“How technology can change the dynamics of the textile/fashion industry of Pakistan”.
260 _aKarachi
_bIndus Valley School
_c2021
300 _a42 pages
650 _aneed of technology in the textile/fashion industry.
856 _uhttps://drive.google.com/file/d/1WYLw63NmsJAbh0LHvYZHk5k4VXFxbrEv/view?usp=sharing
942 _2ddc
_cDISS
_n0
999 _c14322
_d14322